Wizards don't wear graduation gowns / (Record no. 1097)

MARC details
000 -LEADER
fixed length control field 01282cam a22003613a 4500
005 - DATE AND TIME OF LATEST TRANSACTION
control field 20230815154957.0
020 ## - INTERNATIONAL STANDARD BOOK NUMBER
International Standard Book Number 0439368030
020 ## - INTERNATIONAL STANDARD BOOK NUMBER
International Standard Book Number 9780439368032
040 ## - CATALOGING SOURCE
Original cataloging agency XCX
Transcribing agency XCX
Modifying agency OCLCQ
-- DLC
Language of cataloging eng
050 00 - LIBRARY OF CONGRESS CALL NUMBER
Classification number PZ7.D128
082 ## - DEWEY DECIMAL CLASSIFICATION NUMBER
Classification number Fic
100 1# - MAIN ENTRY--PERSONAL NAME
Personal name Dadey, Debbie
245 10 - TITLE STATEMENT
Title Wizards don't wear graduation gowns /
Statement of responsibility, etc. by Debbie Dadey and Marcia Thornton Jones ; illustrated by John Steven Gurney.
260 ## - PUBLICATION, DISTRIBUTION, ETC.
Place of publication, distribution, etc. New York :
Name of publisher, distributor, etc. Scholastic,
Date of publication, distribution, etc. 2002
300 ## - PHYSICAL DESCRIPTION
Extent 74 pages :
Other physical details illustrations ;
Dimensions 20 cm
490 1# - SERIES STATEMENT
Series statement Adventures of the Bailey School kids ;
Volume/sequential designation Book 45
500 ## - GENERAL NOTE
General note "A Little Apple paperback."
505 ## - FORMATTED CONTENTS NOTE
Formatted contents note O
520 ## - SUMMARY, ETC.
Summary, etc. The Bailey School kids set out to discover whether the new assistant principal is really a wizard
521 ## - TARGET AUDIENCE NOTE
Target audience note 630 <br/>
Source Lexile <br/>
521 ## - TARGET AUDIENCE NOTE
Target audience note O <br/>
Source Raz-Plus <br/>
650 #0 - SUBJECT ADDED ENTRY--TOPICAL TERM
Topical term or geographic name entry element Assistant school principals
Form subdivision Juvenile fiction.
650 #0 - SUBJECT ADDED ENTRY--TOPICAL TERM
Topical term or geographic name entry element Wizards
Form subdivision Fiction.
650 #0 - SUBJECT ADDED ENTRY--TOPICAL TERM
Topical term or geographic name entry element Bailey School Kids (Fictitious characters)
Form subdivision Fiction.
655 #7 - INDEX TERM--GENRE/FORM
Genre/form data or focus term Children's stories.
Source of term lcsh
655 #7 - INDEX TERM--GENRE/FORM
Genre/form data or focus term Fantasy fiction.
Source of term gsafd
700 1# - ADDED ENTRY--PERSONAL NAME
Personal name Jones, Marcia Thornton.
700 1# - ADDED ENTRY--PERSONAL NAME
Personal name Gurney, John Steven,
Dates associated with a name 1962-
906 ## - LOCAL DATA ELEMENT F, LDF (RLIN)
a 7
b cbc
c copycat
d 2
e ncip
f 20
g y-genrareb
942 ## - ADDED ENTRY ELEMENTS (KOHA)
Source of classification or shelving scheme Dewey Decimal Classification
Koha item type Books
Suppress in OPAC No
999 ## -
-- 1097
-- 1097
Holdings
Withdrawn status Lost status Source of classification or shelving scheme Damaged status Not for loan Collection Home library Current library Shelving location Date acquired Total Checkouts Full call number Barcode Date last seen Date last checked out Price effective from Koha item type
    Dewey Decimal Classification     Fiction Footprints International School Library Network Toul Kork Campus Footprints International School Library Network Toul Kork Campus   07/31/2023 1 DAD Fic PZ7.D128 FISBK00561 01/15/2024 01/08/2024 07/31/2023 Books